Histoire de l'Académie Française / (Record no. 161652)

MARC details
000 -LEADER
campo de control de longitud fija 00799nam a22002175i 4500
001 - NÚMERO DE CONTROL
campo de control 161652
003 - IDENTIFICADOR DE NÚMERO DE CONTROL
campo de control ES-MaACL
005 - FECHA Y HORA DE LA ÚLTIMA TRANSACCIÓN
campo de control 20260126133617.0
008 - DATOS DE LONGITUD FIJA--INFORMACIÓN GENERAL
campo de control de longitud fija 990215s1858 fr |||| | fre d
040 ## - FUENTE DE CATALOGACIÓN
Centro catalogador/agencia de origen CCPB | B
Lengua de catalogación spa
Centro/agencia transcriptor CCPB | B
100 1# - ENTRADA PRINCIPAL--NOMBRE DE PERSONA
Nombre de persona Pellisson.
9 (RLIN) 130950
245 10 - MENCIÓN DEL TÍTULO
Título Histoire de l'Académie Française /
Mención de responsabilidad, etc. par Pellisson et d'Olivet ; avec une introduction, des éclaircissements et notes par Ch.-L. Livet.
260 ## - PUBLICACIÓN, DISTRIBUCIÓN, ETC.
Lugar de publicación, distribución, etc. Paris :
Nombre del editor, distribuidor, etc. Didier et C\pie\s,
Fecha de publicación, distribución, etc. 1858 (
Fabricante Imprimerie de P.-A. Bourdier)
300 ## - DESCRIPCIÓN FÍSICA
Extensión 2 v. ;
Dimensiones 22 cm.
610 04 - PUNTO DE ACCESO ADICIONAL DE MATERIA--NOMBRE DE ENTIDAD CORPORATIVA
Nombre de entidad corporativa o nombre de jurisdicción como elemento de entrada Académie française-
Subdivisión de forma Historia
9 (RLIN) 1234
700 10 - ENTRADA AGREGADA--NOMBRE PERSONAL
Nombre de persona Olivet, d'.
9 (RLIN) 130633
700 11 - ENTRADA AGREGADA--NOMBRE PERSONAL
Nombre de persona Livet, Charles Louis (
Fechas asociadas al nombre 1828-1897),
Término indicativo de función/relación
9 (RLIN) 151838
752 ## - ENTRADA AGREGADA--NOMBRE JERÁRQUICO DEL LUGAR
País o entidad superior Francia -
Ciudad París
852 ## - LOCALIZACIÓN
Ubicación ES-MaACL
Número de control de estantería F-67-68
Nota libre -- Rúst.
Holdings
Estatus retirado Estado de pérdida Estado de daño No para préstamo Colección Biblioteca de origen Biblioteca actual Ubicación en estantería Fecha de adquisición Fuente de adquisición Total de préstamos Signatura topográfica completa Código de barras Visto por última vez Precio de reemplazo Tipo de ítem Koha
        Libros del s. XIX Biblioteca del Ateneo de Madrid Biblioteca del Ateneo de Madrid Depósito 2 17/01/2008     F-67-68 1169331 23/02/2023 23/02/2023 Libro impreso antiguo